Some guidelines to innerlife (Record no. 165198)

MARC details
000 -LEADER
fixed length control field 00399nam a2200157Ia 4500
008 - FIXED-LENGTH DATA ELEMENTS--GENERAL INFORMATION
fixed length control field 231217s9999 xx 000 0 und d
041 ## - LANGUAGE CODE
Language code of text/sound track or separate title English
082 ## - DEWEY DECIMAL CLASSIFICATION NUMBER
Classification number 294.548 GOK
100 ## - MAIN ENTRY--PERSONAL NAME
Personal name Gokulananda, Swami
245 #0 - TITLE STATEMENT
Title Some guidelines to innerlife
250 ## - EDITION STATEMENT
Edition statement 3rd ed.
260 ## - PUBLICATION, DISTRIBUTION, ETC.
Date of publication, distribution, etc. NULL
Name of publisher, distributor, etc. Ramakrishna Math, Madras
300 ## - PHYSICAL DESCRIPTION
Extent xi+163
650 ## - SUBJECT ADDED ENTRY--TOPICAL TERM
Topical term or geographic name entry element Discipline,self Innerlife
942 ## - ADDED ENTRY ELEMENTS (KOHA)
Koha item type Books
Holdings
Date last seen Total checkouts Full call number Accession number Cost, total (INR) price Price effective from Category Lost status Damaged status Department Withdrawn status Home library Current library Entry date Vendor Cost, normal purchase price Grants Billnumber Billdate Currency symbol Conversion rate Discount Old discount
26/01/2024   294.548 GOK 10464 17.00 26/01/2024 Books     Central Library   Central Library Central Library 04/12/1997 Ramakrishna Mata 20.00 GEN WF0046 12/05/2000 RS 1 3 15

© For any Suggestions or Query, please contact the library staff @ librarian@pes.edu or Phone: +9180 2672 1983/ 2108.